| 000 | 01830nam a2200529 i 4500 | ||
|---|---|---|---|
| 001 | 39176 | ||
| 003 | KOSZ 005 | ||
| 005 | 20230112093237.0 | ||
| 008 | 990609s1998 pl |100 0 pol | ||
| 015 | _aUWD 1999/9414 | ||
| 020 | _a8387832030 | ||
| 035 | _a991010719989705066 | ||
| 035 | _a(PL-WaBN)b12919810-48omnis_nlop | ||
| 035 | _ab12919810 | ||
| 035 | _a(OCoLC)830248088 | ||
| 035 | _azz2007763409 | ||
| 035 | _a(PL)b0000001291981 | ||
| 035 | _a(EXLNZ-48OMNIS_NETWORK)9910501282605606 | ||
| 040 |
_aWA N _cWA N _dKOSZ 005/HR |
||
| 041 | 0 | _apol | |
| 046 | _k1998 | ||
| 080 | _a338.43(438:4-67)"1989/..." | ||
| 080 | _a(06) | ||
| 245 | 0 | 0 |
_aPolskie rolnictwo a Unia Europejska / _cpraca pod red. Stanisława Miklaszewskiego. |
| 260 |
_aKraków : _bF"MCRD", _c1998. |
||
| 300 |
_a71, [7] s. ; _c21 cm. |
||
| 336 |
_aTekst _btxt _2rdacontent |
||
| 337 |
_aBez urządzenia pośredniczącego _bn _2rdamedia |
||
| 338 |
_aWolumin _bnc _2rdacarrier |
||
| 380 | _aKsiążki | ||
| 388 | _a1901-2000 | ||
| 388 | _a1989-2000 | ||
| 490 | 1 |
_aZeszyty / Fundacja "Międzynarodowe Centrum Rozwoju Demokracji" ; _vz. 34 |
|
| 500 | _aMateriały z seminarium, Kraków 26 września 1998. | ||
| 504 | _aBibliogr. s. 33-35. | ||
| 610 | 2 | 7 |
_aUnia Europejska (UE) _2DBN |
| 650 | 7 | _aPolityka rolna | |
| 651 | 7 |
_aPolska _2DBN |
|
| 655 | 7 |
_aMateriały konferencyjne _2DBN |
|
| 658 | _aPolityka, politologia, administracja publiczna | ||
| 658 | _aRolnictwo i leśnictwo | ||
| 700 | 1 |
_aMiklaszewski, Stanisław _d(1947-2011) _eRedakcja |
|
| 830 | 0 |
_aZeszyty Fundacji "Międzynarodowe Centrum Rozwoju Demokracji" _vz. 34 |
|
| 856 |
_uhttp://koha.tu.koszalin.pl/cgi-bin/koha/opac-detail.pl?biblionumber=39176 _yKatalog online BPK |
||
| 942 |
_2UKD _cKS |
||
| 999 |
_c39176 _d39176 |
||